000 00791nam a22002057a 4500
999 _c13796
_d13796
008 190415b ||||| |||| 00| 0 eng d
020 _a9789463001991
082 _22015
_aAV-Eb 371.9046
_bC793
100 _aCorcoran, Tim.editor
_938331
245 _aDisability studies :
_beducating for inclusion /
_cedited by Tim Corcoran, Julie White, and Ben Whitburn
260 _bSense Publishers
_c©2015.
300 _a275 pages;
440 _aInnovations and Controversies: Interrogating Educational Change
_938332
500 _aIncludes index
650 _aInclusive education.
_938333
700 _aWhite, Julie.editor
_938334
700 _aWhitburn, Ben.editor
_938335
856 _yhttps://ebookcentral.proquest.com/lib/uniofmindanao-ebooks/detail.action?docID=4396493
942 _2ddc
_cEB